Xunzi xuan zhu /

Disimpan dalam:
Butiran Bibliografi
Pengarang Utama: Xunzi, 340 B.C.-245 B.C.
Pengarang Korporat: Tianjin <<Xunzi xuan zhu>> 3 jie he zhu shi zu.
Format: Buku
Bahasa:Chinese
Diterbitkan: Tianjin Shi : Tianjin ren min chu ban she, 1975.
Edisi:Di 1 ban.
Subjek-subjek:
Penanda-penanda: Tambah Penanda
Tiada Penanda, Jadilah orang pertama menanda rekod ini!
LEADER 01764cam a2200385 a 4500
001 007728829-7
005 20024617110316.0
008 941004s1975 cc 000 0 chi d
035 0 |a ocm31222389 
040 |a WaU  |c WaU  |d *YNH*  |d CStRLIN 
100 0 |6 880-01  |a Xunzi,  |d 340 B.C.-245 B.C. 
240 1 0 |6 880-02  |a Xunzi.  |k Selections  |f 1975. 
245 0 0 |6 880-03  |a Xunzi xuan zhu /  |c Tianjin <<Xunzi xuan zhu>> 3 jie he zhu shi zu. 
250 |6 880-04  |a Di 1 ban. 
260 |6 880-05  |a Tianjin Shi :  |b Tianjin ren min chu ban she,  |c 1975. 
300 |a 14, [1], 398 p. ;  |c 21 cm. 
500 |6 880-06  |a "Xian cun di <<Xunzi>> yi shu, gong you 32 pian...ben shu xuan zhu liao qi zhong you dai biao xing di 16 pian." 
504 |a Includes bibliographical references. 
600 0 0 |6 880-07  |a Xunzi,  |d 340 B.C.-245 B.C.  |t Xunzi  |x Explication. 
650 0 |a Philosophy, Chinese  |y To 221 B.C. 
650 0 |a Chinese literature  |y Warring States, 403 B.C.-221 B.C. 
700 0 |6 880-08  |a Xunzi,  |d 340 B.C.-245 B.C.  |t Xunzi.  |k Selections.  |f 1975. 
710 2 |6 880-09  |a Tianjin <<Xunzi xuan zhu>> 3 jie he zhu shi zu. 
740 0 |a Xun-zi xuan zhu. 
880 0 |6 100-01  |a 荀子,  |d 340 B.C.-245 B.C. 
880 1 0 |6 240-02  |a 荀子.  |k Selections.  |f 1975. 
880 0 0 |6 245-03  |a 荀子选注 /  |c 天津《荀子选注》3结合注释组. 
880 |6 250-04  |a 第1版. 
880 |6 260-05  |a 天津市 :  |b 天津人民出版社,  |c 1975. 
880 |6 500-06  |a "现存的《荀子》一书,共有32篇...本书选注了其中有代表性的16篇. 
880 0 0 |6 600-07  |a 荀子,  |d 340 B.C.-245 B.C.  |t 荀子  |x Explication. 
880 0 |6 700-08  |a 荀子,  |d 340 B.C.-245 B.C.  |t 荀子.  |k Selections.  |f 1975. 
880 2 |6 710-09  |a 天津《荀子选注》3结合注释组. 
988 |a 20021108 
906 |0 OCLC